LEADER 01920 am 22005653u 450 001 9910156506103321 005 20230422032054.0 010 $a90-04-28669-1 024 7 $a10.1163/9789004286696 035 $a(CKB)2670000000575406 035 $a(OCoLC)966043766 035 $a(OCoLC)845139273 035 $a(nllekb)BRILL9789004286696 035 $a(WaSeSS)IndRDA00056991 035 $a(WaSeSS)IndRDA00125665 035 $a(oapen)https://directory.doabooks.org/handle/20.500.12854/26854 035 $a(PPN)184918316 035 $a(EXLCZ)992670000000575406 100 $a20200715d1964 uy 0 101 0 $adut 135 $aurmn#nnn||||| 181 $ctxt$2rdacontent 182 $cc$2rdamedia 183 $acr$2rdacarrier 200 13$aDe Uma-taal (west midden-Celebes) $espraakkunstige schets en teksten /$fS. J. Esser 210 $cBrill$d1964 210 1$aHague, Netherlands :$cMartinus Nijhoff,$d1964. 215 $a1 online resource (xiv, 144 pages) $cdigital, PDF file(s) 225 1 $aVerhandelingen van het Koninklijk Instituut voor Taal-, Land- en Volkenkunde ;$vDeel 43 320 $aIncludes bibliographical references and index. 330 $aIndonesia 410 0$aVerhandelingen van het Koninklijk Instituut voor Taal-, Land- en Volkenkunde ;$vDeel 43. 606 $aUma language 606 $aMalayan languages 606 $aMalayan languages$2fast$3(OCoLC)fst01006537 606 $aUma language$2fast$3(OCoLC)fst01160774 610 $aindonesia 615 0$aUma language. 615 0$aMalayan languages. 615 7$aMalayan languages. 615 7$aUma language. 676 $a499.2 700 $aEsser$b S. J$g(Samuel Jonathan),$f1900-$0902830 702 $aEsser$b S$4auth 801 0$bWaSeSS 801 2$bUkMaJRU 906 $aBOOK 912 $a9910156506103321 996 $aDe Uma-taal (west midden-Celebes)$92018205 997 $aUNINA LEADER 01298nam a2200289 i 4500 001 991001813969707536 008 060731s1985 be fre d 020 $a9068310240 035 $ab13431201-39ule_inst 040 $aDip.to Filologia Class. e Scienze Filosofiche$bita 041 0 $afreeng 082 $a291.2 245 03$aL' animal, l'homme, le dieu dans le Proche-Orient ancien :$bactes du Colloque de Cartigny 1981 /$cCentre d'étude du Proche-Orient ancien (CEPOA), Université de Genève 260 $aLeuven :$bÉditions Peeters,$c1985 300 $a171 p. :$bill. ;$c26 cm 490 0 $aLes cahiers du CEPOA ;$v2 500 $aTesti in francese e inglese 650 04$aAnimali$xIconografia$zMedio Oriente$xStoria$yAntichità 650 04$aDivinità zoomorfe$zMedio Oriente 651 4$aMedio Oriente$xStoria religiosa$xAntichità 710 04$aUniversité de Genève.$bCentre d'étude du Proche-Orient ancien 907 $a.b13431201$b02-04-14$c23-08-06 912 $a991001813969707536 945 $aLE007 290 ANI 01.01$g1$i2007000108505$lle007$nLE007 2006 Traina$op$pE36.00$q-$rl$s- $t0$u1$v0$w1$x0$y.i14280784$z23-08-06 996 $aAnimal, l'homme, le dieu dans le Proche-Orient ancien$91097597 997 $aUNISALENTO 998 $ale007$b23-08-06$cm$da $e-$ffre$gbe $h3$i0